Normal view
MARC view
Entry Personal Name
001 - CONTROL NUMBER
- control field: 36389
003 - CONTROL NUMBER IDENTIFIER
- control field: ARRUPE
005 - DATE AND TIME OF LATEST TRANSACTION
- control field: 20170927120026.0
008 - FIXED-LENGTH DATA ELEMENTS
- fixed length control field: 170927|| aca||aabn | a|a d
040 ## - CATALOGING SOURCE
- Original cataloging agency: ARRUPE
- Transcribing agency: ARRUPE
100 ## - HEADING--PERSONAL NAME
- Personal name: Kleinman, Arthur
670 ## - SOURCE DATA FOUND
- Source citation: Work cat.: (ARRUPE)5184: Kleinman, Arthur, Patients and healers in the context of culture, 1980